Statistics for Capital cities name etymologies #2

Click here to take the quiz!

General Stats

  • This quiz has been taken 141 times
  • The average score is 9 of 15

Answer Stats

HintAnswer% Correct
named after goddess of wisdomAthens
89%
Belonging to WarszWarsaw
84%
named after the brother of RemusRome
80%
Flat Land (Korean)Pyongyang
77%
Black Pool (in a Gaelic language)Dublin
74%
Muddy Confluence (Malay)Kuala Lumpur
74%
The Red Hero (Mongolian)Ulaan Baatar
74%
Saint Thomas (Portuguese)Sao Tome
73%
New Flower (Amharic)Addis Ababa
56%
Merchant's Harbor (in a Germanic language)Copenhagen
55%
Beach (Portuguese)Praia
42%
The Victorious (Arabic)Cairo
37%
named after King Louis XVPort Louis
37%
named after the Ubangi RiverBangui
31%
The place of the winds (Berber)Nouakchott
29%

Score Distribution

Percentile by Number Answered

Percent of People with Each Score

Your Score History

You have not taken this quiz